000 00556nam a22001817a 4500
005 20250219153307.0
010 _aENG-143867
020 _c399.00
_a9788195468096
035 _aEN-1274399
037 _bDBAD
082 _a363.7
100 _aS Navaneethan
_978128
245 _aEnivonment Biodiversity And Disaster Management
_cNavaneethan S
_hEnglish
260 _aTamil Nadu
_bTamizhi Books
_c2022
270 _bTamil Nadu
_a1328, 20th Main road, Anna Nagar, Chennai
300 _a346pp
_c28cm(pbk)
942 _2ddc
_cEN
_h363.7
_eNAV
999 _c209476
_d209476